| 000 | 00641nam a2200205 u 4500 | ||
|---|---|---|---|
| 005 | 20240910064336.0 | ||
| 008 | 110124s2009 r 000 0 eng d | ||
| 020 | _a9788499200064 | ||
| 035 | _aUPN01000179061 | ||
| 049 | _aCG | ||
| 050 | 4 |
_aLB1049 _bM3.4 |
|
| 100 | 1 | _aMazzeo, Rosario | |
| 245 | 1 | 0 |
_aEstudiar : _b¿misión imposible? : sobre el método de estudio en la escuela y en familia / _cRosario Mazzeo ; tr. Ricardo Sánchez Buendía. |
| 260 |
_aMadrid : _bEncuentro, _cc2009. |
||
| 300 |
_a311 p. : _bil. |
||
| 440 | 0 |
_aEnsayos ; _v397 |
|
| 650 | 4 |
_aMétodos de estudio _94280 |
|
| 650 | 4 |
_aAprendizaje _92861 |
|
| 905 | _aLibro | ||
| 999 |
_c151164 _d151164 |
||